Statistics for Italian Airport Codes

Click here to take the quiz!

General Stats

  • This quiz has been taken 29 times
  • The average score is 11 of 22

Answer Stats

HintAnswer% Correct
LIN
79%
MilanMXP
79%
NaplesNAP
79%
RomeFCO
68%
BariBRI
63%
CagliariCAG
63%
CIA
58%
OlbiaOLB
58%
PisaPSA
58%
VeronaVRN
58%
VeniceVCE
53%
BGY
47%
BolognaBLQ
47%
GenoaGOA
47%
TurinTRN
47%
BrindisiBDS
42%
CataniaCTA
42%
FlorenceFLR
42%
PescaraPSR
37%
PalermoPMO
32%
Lamezia TermeSUF
21%
AlgheroAHO
11%

Score Distribution

Percentile by Number Answered

Percent of People with Each Score

Your Score History

You have not taken this quiz